|
|
|
|
| LEADER |
00000nam a2200000Ia 4500 |
| 008 |
180418b1994 a ||||| |||| 00| | spa d |
| 999 |
|
|
|c 1742
|d 1742
|
| 090 |
|
|
|a 06.03.06
|b 1049
|
| 110 |
1 |
|
|a Argentina. Ministerio de Cultura y Educación
|9 3578
|
| 245 |
1 |
0 |
|a Evaluación universitaria en el Mercosur
|
| 260 |
|
|
|a Buenos Aires, Argentina :
|b El Ministerio,
|c 1994
|
| 300 |
|
|
|a 266 páginas
|
| 500 |
|
|
|a Publicación producto del Seminario Internacional Evaluación y Acreditación Universitaria en los procesos de Integración Regional
|
| 650 |
1 |
4 |
|a EDUCACIÓN SUPERIOR
|9 8
|
| 650 |
1 |
4 |
|a EVALUACIÓN DE LA EDUCACIÓN
|9 308
|
| 650 |
1 |
4 |
|a FINANCIAMIENTO DE LA EDUCACIÓN
|9 338
|
| 650 |
1 |
4 |
|a CALIDAD DE LA EDUCACIÓN
|9 11
|
| 650 |
1 |
4 |
|a MERCOSUR
|9 3496
|
| 942 |
|
|
|i 001754
|h 06.03.06 1049
|2 z
|c 01
|